Φορτώνει......
Central Vigilance Commission Act,2003(45 of 2003)
| Μορφή: | Printed Book |
|---|---|
| Έκδοση: |
New Delhi
Universal Law Publishing Co.
2008
|
| Θέματα: |
| LEADER | 00414cam a2200121ua 4500 | ||
|---|---|---|---|
| 082 | |a 352.25 |b CEN | ||
| 245 | 0 | 0 | |a Central Vigilance Commission Act,2003(45 of 2003) |
| 260 | |a New Delhi |b Universal Law Publishing Co. |c 2008 | ||
| 300 | |a 53p. | ||
| 650 | |a Vigilance Commission Act | ||
| 942 | |c BK | ||
| 999 | |c 19121 |d 19121 | ||
| 952 | |0 0 |1 0 |4 0 |6 352_250000000000000_CEN |7 0 |9 19971 |a KUCL |b KUCL |d 2014-05-23 |l 0 |o 352.25 CEN |p 20103 |r 2014-05-23 |y BK | ||